Chronopathology of hemostasis system // Chronopathology of hemostasis system. - Vol. 1 (Запись № 3450971)

Подробности
000 -МАРКЕР
контрольное поле 01538nam1a2200361 i 4500
001 - ИДЕНТИФИКАТОР ЗАПИСИ
контрольное поле RU\NLR\b_ik\159943
005 - ИДЕНТИФИКАТОР ВЕРСИИ
контрольное поле 20241225154844.0
035 ## - ДРУГИЕ СИСТЕМНЫЕ НОМЕРА
Идентификатор записи (NLR Aleph) 002232822
100 ## - ДАННЫЕ ОБЩЕЙ ОБРАБОТКИ
Данные общей обработки 20070627d2004 u y0rusy50 ba
101 0# - ЯЗЫК РЕСУРСА
Язык текста, звукозаписи и т.д. английский
102 ## - СТРАНА ПУБЛИКАЦИИ ИЛИ ПРОИЗВОДСТВА
Страна публикации Российская Федерация
105 ## - ПОЛЕ КОДИРОВАННЫХ ДАННЫХ: ТЕКСТОВЫЕ МАТЕРИАЛЫ, МОНОГРАФИЧЕСКИЕ
Кодированные данные о монографическом текстовом документе ||||z |||||
200 1# - ЗАГЛАВИЕ И СВЕДЕНИЯ ОБ ОТВЕТСТВЕННОСТИ
Основное заглавие Chronopathology of hemostasis system
Первые сведения об ответственности L.G. Khetagurova, K.D. Salbiev, F.S. Datiyeva
210 ## - ПУБЛИКАЦИЯ, РАСПРОСТРАНЕНИЕ И ДР.
Место издания, распространения и т.д. Vladikavkaz
Имя издателя, распространителя и т. д. Проект-пресс
Дата издания, распространения и т.д. 2004
215 ## - ФИЗИЧЕСКАЯ ХАРАКТЕРИСТИКА
Размеры 25
300 ## - ОБЩИЕ ПРИМЕЧАНИЯ
Текст примечания Загл. обл.: Chronopathology
320 ## - ПРИМЕЧАНИЯ О НАЛИЧИИ В ДОКУМЕНТЕ БИБЛИОГРАФИИ / УКАЗАТЕЛЯ
Текст примечания Библиогр. в конце томов
463 #1 - УРОВЕНЬ ФИЗИЧЕСКОЙ ЕДИНИЦЫ
Встроенное поле 001RU\NLR\b_ik\159280
-- 200##$aVol. 1
Идентификатор связанной записи RU\NLR\b_ik\159280
Системный номер (АБИС) связанной записи 3442466
Физическая характеристика 159 с.
Заглавие Chronopathology of hemostasis system. - Vol. 1
ISBN 5-88734-001-0
463 #0 - УРОВЕНЬ ФИЗИЧЕСКОЙ ЕДИНИЦЫ
Встроенное поле 001RU\NLR\b_ik\159255
Идентификатор связанной записи RU\NLR\b_ik\159255
Системный номер (АБИС) связанной записи 3442141
Первые сведения об ответственности L.G. Khetagurova, K.D. Salbiyev, M.R. Katayeva [et al.]
Физическая характеристика 255 с.
Заглавие Chronopathology of hemostasis system. - Vol. 2
ISBN 5-88734-002-9
517 1# - ДРУГИЕ ВАРИАНТЫ ЗАГЛАВИЯ
Вариант заглавия Chronopathology
541 0# - ПЕРЕВОД ЗАГЛАВИЯ, СДЕЛАННЫЙ КАТАЛОГИЗАТОРОМ
Заглавие Хронопатология гемостаза
Язык заглавия русский
606 1# - НАИМЕНОВАНИЕ ТЕМЫ КАК ПРЕДМЕТ
Наименование темы Гемостаз
Тематический подзаголовок Хронопатология
Системный номер авторитетной/нормативной записи 2483646
Идентификатор авторитетной/нормативной записи RU\NLR\AUTH\661474168
606 1# - НАИМЕНОВАНИЕ ТЕМЫ КАК ПРЕДМЕТ
Наименование темы Хронопатофизиология
Системный номер авторитетной/нормативной записи 2483574
Идентификатор авторитетной/нормативной записи RU\NLR\AUTH\661474132
686 1# - ИНДЕКСЫ ДРУГИХ КЛАССИФИКАЦИЙ
Индекс Р252
686 1# - ИНДЕКСЫ ДРУГИХ КЛАССИФИКАЦИЙ
Индекс Р252.71
700 #1 - ИМЯ ЛИЦА - ПЕРВИЧНАЯ ОТВЕТСТВЕННОСТЬ
Начальный элемент ввода Chetagurova
Часть имени, кроме начального элемента ввода L. G.
Расширение инициалов личного имени Larisa Georgievna
Код отношения Автор
701 #1 - ИМЯ ЛИЦА - АЛЬТЕРНАТИВНАЯ ОТВЕТСТВЕННОСТЬ
Начальный элемент ввода Salbiev
Часть имени, кроме начального элемента ввода K. D.
Расширение инициалов личного имени Kazbek Dachcikoevič
Код отношения Автор
702 #1 - ИМЯ ЛИЦА - ВТОРИЧНАЯ ОТВЕТСТВЕННОСТЬ
Начальный элемент ввода Datieva
Часть имени, кроме начального элемента ввода F. S.
Расширение инициалов личного имени Fatima Sergeevna
801 #0 - ИСТОЧНИК ЗАПИСИ
Страна Российская Федерация
Организация NLR
Дата составления 20070627
Правила каталогизации RCR
852 ## - МЕСТОНАХОЖДЕНИЕ И ШИФР ХРАНЕНИЯ
Идентификатор организации NLR
Наименование фонда или коллекции (Sub-Location Identifier) Ик
Шифр хранения (Call Number) 2007-7/1297
942 ## - ДОПОЛНИТЕЛЬНЫЕ ЭЛЕМЕНТЫ ЗАПИСИ (АБИС)
Тип экземпляра АБИС Книга

Нет доступных экземпляров.